000 00936nam a22002537a 4500
005 20170124103126.0
010 _aA-774897
020 _c100.00
_a8170561159
035 _aA-774897
037 _bCen Lib/Ret
040 _aDPL
_bHN
082 _a827
_bघोंघील
100 _aघोंघी, लतीफ़
_983254
245 _aयत्र तत्र /
_cलतीफ़ घोंघी
246 _aYatr tatr
_bby Lateef Ghonghi
260 _aजयपुर
_bपंचशील प्रकाशन
_c1996
270 _aफिल्म कॉलोनी
_bजयपुर
300 _a240पृष्ठ.
_c17सेमी(सजिल्द)
650 _aहिंदी साहित्य
_983255
650 _aहिंदी कथाएं
_983256
650 _ahindi Literature
_983257
650 _aHindi Stories
_983258
942 _2ddc
_cHN
_h827
_mघोंघील
999 _c119080
_d119080